Normal view
MARC view
- Syed Omer Ali, Ch. Muhammad Shees Usman, Muhammad Saad
Entry Personal Name
001 - CONTROL NUMBER
- control field: 4163
003 - CONTROL NUMBER IDENTIFIER
- control field: NUST
005 - DATE AND TIME OF LATEST TRANSACTION
- control field: 20170824125718.0
008 - FIXED-LENGTH DATA ELEMENTS
- fixed length control field: 170824|| aca||aabn | a|a d
040 ## - CATALOGING SOURCE
- Original cataloging agency: NUST
- Transcribing agency: NUST
100 ## - HEADING--PERSONAL NAME
- Personal name: Syed Omer Ali, Ch. Muhammad Shees Usman, Muhammad Saad
670 ## - SOURCE DATA FOUND
- Source citation: Work cat.: (NUST): Syed Omer Ali, Ch. Muhammad Shees Usman, Muhammad Saad, WISE-Enabling water smart irrigation, 2017
